00431nam a2200157Ia 4500003000400000008004100004040001600045082001600061100001600077245006400093260004200157300001200199650002800211650001400239650002000253GCL140319s9999 xx 000 0 eng d aGCL / cGCL04a005.43bM T1 aMILNER,BART10aTRAINNING GUIDE: PAGE MAKER 4.0 FOR WINDOWS / cMILNER,BART a[S.N] : bPITMAN PUBLISHING ، c1993 a110 PP04aCOMPUTER - PROGRAMMERS04aPAGEMAKER04aWINDOWS PROGRAM